Một số đặc điểm của bệnh viêm gan siêu vi

Sách cung cấp kiến thức về dịch tể, lâm sàngv à xét nghiệm của bệnh viêm gan siêu vi, về biện pháp cần thiết để chẩn đoán nguyên nhân, phân định cá thể bệnh và giai đoạn bệnh, về các biện pháp điều trị và phòng ngừa...

Volledige beschrijving

Bewaard in:
Bibliografische gegevens
Hoofdauteur: Nguyễn Hữu Chí
Formaat: Boek
Taal:Undetermined
Gepubliceerd in: Tp. HCM Nxb. Tp. HCM 1998
Onderwerpen:
Tags: Voeg label toe
Geen labels, Wees de eerste die dit record labelt!
Thư viện lưu trữ: Trung tâm Học liệu Trường Đại học Cần Thơ
LEADER 00868nam a2200181Ia 4500
001 CTU_31089
008 210402s9999 xx 000 0 und d
082 |a 616.362 
082 |b Ch300 
100 |a Nguyễn Hữu Chí 
245 0 |a Một số đặc điểm của bệnh viêm gan siêu vi 
245 0 |c Nguyễn Hữu Chí 
260 |a Tp. HCM 
260 |b Nxb. Tp. HCM 
260 |c 1998 
520 |a Sách cung cấp kiến thức về dịch tể, lâm sàngv à xét nghiệm của bệnh viêm gan siêu vi, về biện pháp cần thiết để chẩn đoán nguyên nhân, phân định cá thể bệnh và giai đoạn bệnh, về các biện pháp điều trị và phòng ngừa 
650 |a liver - diseases 
980 |a Trung tâm Học liệu Trường Đại học Cần Thơ